000
00266nam a22001217a 4500
008
171016b xxu||||| |||| 00| 0 eng d
041
_a
alb
080
_a
331.101.262
100
_a
52
101
_a
BNJ
245
_a
SJELLJA KONSUMATORE
_c
ARTAN.DXH
942
_2
udc
_c
BK
999
_c
34214
_d
34214